[Event "Cappelle op"]
[Site "Cappelle la Grande"]
[Date "1991.??.??"]
[Round "?"]
[White "Kinsman, Andrew PH"]
[Black "Apicella, Manuel"]
[Result "0-1"]
[WhiteElo "2300"]
[BlackElo "2430"]

1.d4 Nf6 2.Nf3 g6 3.c4 Bg7 4.g3 O-O 5.Bg2 d6 6.O-O Nbd7 7.Qc2 e5 8.Rd1 Qe7
9.Nc3 c6 10.b3 e4 11.Ng5 d5 12.cxd5 cxd5 13.a4 h6 14.Nh3 Qd8 15.Ba3 Re8 16.Nf4 Nb8
17.e3 Nc6 18.b4 Bg4 19.Rdc1 g5 20.Nfe2 Qd7 21.a5 Rac8 22.Qd1 a6 23.Bf1 Bh3
24.Bxh3 Qxh3 25.Qf1 Qf5 26.Na4 Nd7 27.Ra2 Bf8 28.Rac2 Rb8 29.Rb1 h5 30.Qe1 h4
31.Bc1 Rbc8 32.Nc5 Nxc5 33.bxc5 Rc7 34.Rcb2 Ree7 35.Bd2 f6 36.Bb4 Rh7 37.Nc3 Nxb4
38.Rxb4 hxg3 39.fxg3 Rxh2 40.Kxh2 Rh7+ 41.Kg1 Qf3  0-1

[Event "Cappelle op"]
[Site "Cappelle la Grande"]
[Date "1991.??.??"]
[Round "?"]
[White "Whiteley, Andrew J"]
[Black "Hebden, Mark"]
[Result "0-1"]
[WhiteElo "2335"]
[BlackElo "2475"]

1.d4 Nf6 2.c4 g6 3.Nf3 Bg7 4.g3 O-O 5.Bg2 d6 6.O-O Nc6 7.Nc3 Rb8 8.h3 a6
9.e4 b5 10.cxb5 axb5 11.Re1 b4 12.Ne2 e6 13.d5 Ne7 14.dxe6 Bxe6 15.Ned4 Bd7
16.e5 dxe5 17.Nxe5 c5 18.Nb3 Rc8 19.Nxd7 Nxd7 20.Bg5 f6 21.Bf4 Ne5 22.Bxe5 fxe5
23.Qg4 c4 24.Qe6+ Kh8 25.Rad1 Qe8 26.Nd2 Nf5 27.Qxe8 Rfxe8 28.Ne4 c3 29.bxc3 bxc3
30.g4 Nd4 31.Nxc3 Nc2 32.Ne4 Nxe1 33.Rxe1 Rc2 34.a4 Ra2 35.Ng5 e4 36.Rxe4 Rxe4
37.Nxe4 Ra1+ 38.Bf1 Rxa4 39.Bg2 Ra1+ 40.Bf1 Re1 41.Nd2 Bf8 42.Kg2 Bd6 43.Nf3 Re7
44.Bd3 Bf4 45.h4 Rd7 46.Be4 Kg7 47.g5 Rd1 48.Ng1 Bb8 49.h5 Re1 50.Bf3 Bf4
51.Nh3 Bd2 52.Bg4 Re5 53.f4 Ra5 54.hxg6 hxg6 55.Bf3 Ra2 56.Bd5 Ra3 57.Be4 Be1
58.Bb1 Rg3+ 59.Kh2 Rb3 60.Be4 Rb2+ 61.Kg1 Rb4 62.Bc2 Rc4 63.Bd3 Rc3 64.Bf1 Kf7
65.Kg2 Ke6 66.Bb5 Rg3+ 67.Kh2 Ra3 68.Be8 Kf5 69.Bd7+ Ke4 70.Bc6+ Ke3 71.Kg2 Ra2+
72.Kf1 Bg3 73.Be8 Ra6 74.Kg2 Bxf4 75.Nxf4 Kxf4 76.Bb5 Ra3 77.Bc4 Kxg5 78.Kf2 Kf4
79.Bd5 Rc3 80.Kg2 g5 81.Kf2 Rc2+ 82.Kf1 Kg3 83.Bb7 g4 84.Bd5 Kh2 85.Bb7 g3
86.Be4 g2+ 87.Bxg2 Rxg2 88.Ke1 Kg3 89.Kf1 Kf3 90.Ke1 Ke3 91.Kd1 Rd2+ 92.Ke1 Rd8
93.Kf1 Rg8 94.Ke1 Rg1+  0-1

[Event "Cappelle op"]
[Site "Cappelle la Grande"]
[Date "1991.??.??"]
[Round "5"]
[White "Kinsman, Andrew PH"]
[Black "Hebden, Mark"]
[Result "0-1"]
[WhiteElo "2300"]
[BlackElo "2475"]

1.d4 Nf6 2.Nf3 g6 3.c4 Bg7 4.g3 O-O 5.Bg2 d6 6.O-O Nc6 7.Nc3 Rb8 8.Bd2 a6
9.Rc1 e5 10.d5 Nd4 11.Ne1 c5 12.e3 Nf5 13.a4 Re8 14.Nd3 e4 15.Nf4 h5 16.h3 Nh6
17.Qe2 Bf5 18.Rb1 Nh7 19.b4 cxb4 20.Rxb4 Ng5 21.Kh2 Be5 22.Re1 Qf6 23.Rc1 Re7
24.Rb6 Rc8 25.Nd1 Rec7 26.Bb4 Nf3+ 27.Bxf3 exf3 28.Qf1 g5 29.Nxh5 Qg6 30.Nf4 gxf4
31.exf4 Bd3 32.Qh1 Ng4+ 33.hxg4 f5 34.Kg1 Rh7 35.Qxh7+ Qxh7 36.fxe5 f4 37.gxf4 Rf8
38.Rxd6 Qh4  0-1

[Event "Cheliabinsk-A"]
[Site "Cheliabinsk"]
[Date "1991.??.??"]
[Round "?"]
[White "Kantorik, Marian"]
[Black "Magerramov, Elmar"]
[Result "0-1"]
[WhiteElo "2375"]
[BlackElo "2560"]

1.d4 Nf6 2.Nf3 g6 3.g3 Bg7 4.Bg2 O-O 5.c4 d6 6.Nc3 Nbd7 7.O-O e5 8.dxe5 dxe5
9.b3 e4 10.Nd4 Re8 11.Nc2 Qe7 12.Bb2 c6 13.h3 Nf8 14.Qd2 Bf5 15.Rad1 Red8
16.Qe3 h5 17.Nd4 Bd7 18.Kh2 Re8 19.Nc2 h4 20.Qf4 hxg3+ 21.fxg3 Nh5 22.Qe3 Be5
23.Nd5 cxd5 24.Bxe5 Qxe5 25.Rxd5 Qg7 26.Nd4 Be6 27.Rb5 b6 28.c5 bxc5 29.Rxc5 Rad8
30.Nc6 Rd5 31.Bxe4 Rxc5 32.Qxc5 Bxh3 33.Kxh3 Rxe4 34.Ne7+ Kh7 35.Nf5 gxf5
36.Qxf5+ Kh6 37.g4 Re5 38.g5+ Qxg5 39.Qxg5+ Kxg5 40.Rxf7 Ng6 41.Kg2 Rxe2+
42.Kf3 Rxa2 43.Ke4 Nf6+ 44.Kd4 Kf5 45.Kc5 Ke6 46.Rg7 Ne5  0-1

[Event "Copenhagen op"]
[Site "Copenhagen"]
[Date "1991.??.??"]
[Round "7"]
[White "Volodin, Viktor"]
[Black "Holst, Allan"]
[Result "0-1"]
[WhiteElo "2225"]
[BlackElo "2300"]

1.Nf3 d6 2.d4 Nf6 3.c4 g6 4.g3 Bg7 5.Bg2 O-O 6.O-O Nbd7 7.Nc3 e5 8.h3 Re8
9.e4 exd4 10.Nxd4 a6 11.Rb1 Rb8 12.Re1 c5 13.Nc2 b5 14.cxb5 axb5 15.Qxd6 b4
16.Nd5 Qa5 17.Ne7+ Rxe7 18.Qxe7 Bf8 19.e5 Bxe7 20.exf6 Bd6 21.Re8+ Nf8 22.Bf4 Bxf4
23.gxf4 Qa4 24.Rbe1 Qxc2 25.Bc6 Bd7 26.Bxd7 Rxe8  0-1

[Event "Corfu op"]
[Site "Corfu"]
[Date "1991.??.??"]
[Round "3"]
[White "Greenfeld, Alon"]
[Black "Riedel, Wolfgang"]
[Result "1-0"]
[WhiteElo "2520"]
[BlackElo "2320"]

1.Nf3 g6 2.g3 Bg7 3.d4 Nf6 4.c4 d6 5.Bg2 O-O 6.O-O Nbd7 7.Qc2 e5 8.Rd1 Re8
9.dxe5 dxe5 10.e4 Qe7 11.b3 c6 12.Ba3 Nc5 13.h3 Nfd7 14.Nc3 Qf6 15.b4 Ne6
16.Bb2 Ng5 17.Nxg5 Qxg5 18.c5 Nf8 19.Ne2 Qh5 20.Kh2 f5 21.f4 fxe4 22.fxe5 Ne6
23.Qxe4 Kh8 24.h4 g5 25.Bf3 Qf7 26.Rf1 Rd8 27.Bg4 Qe7 28.h5 a5 29.a3 axb4
30.axb4 Rxa1 31.Bxa1 Bd7 32.Bc3 Rf8 33.Rf5 Ra8 34.Qc4 h6 35.Rf6 Re8 36.Nd4 Nxd4
37.Rf7 Bxg4 38.Rxe7 Nf3+ 39.Kg2 Rxe7 40.Qxg4 Nxe5 41.Qc8+ Kh7 42.Bxe5 Bxe5
43.Qf8  1-0

[Event "Corfu op"]
[Site "Corfu"]
[Date "1991.??.??"]
[Round "4"]
[White "Foisor, Ovidiu"]
[Black "Tsorbatzoglou, Theodoros"]
[Result "1-0"]
[WhiteElo "2385"]
[BlackElo "2280"]

1.d4 Nf6 2.c4 g6 3.g3 Bg7 4.Bg2 O-O 5.Nf3 d6 6.O-O Nbd7 7.Qc2 e5 8.Rd1 Qe7
9.Nc3 c6 10.dxe5 Nxe5 11.Nxe5 dxe5 12.h3 Be6 13.b3 Rfd8 14.Be3 Nd7 15.Rd2 f5
16.Rad1 g5 17.Rd6 f4 18.Bc1 Nf6 19.Ba3 Rxd6 20.Bxd6 Qf7 21.Bxe5 fxg3 22.Bxg3 Nh5
23.Qd2 Nf4 24.Ne4 Qh5 25.Bxf4 gxf4 26.Qxf4 Bxh3 27.Qg3 Qg4 28.Qxh3  1-0

[Event "DEN-chT"]
[Site "DEN"]
[Date "1991.??.??"]
[Round "7"]
[White "Hansen, Carsten"]
[Black "Mortensen, Erling"]
[Result "1-0"]
[WhiteElo "2300"]
[BlackElo "2450"]

1.d4 Nf6 2.c4 g6 3.Nf3 Bg7 4.g3 O-O 5.Bg2 d6 6.O-O Nbd7 7.Nc3 e5 8.e4 exd4
9.Nxd4 Re8 10.h3 a6 11.Bg5 Rb8 12.Qd2 c5 13.Nc2 b5 14.Rad1 b4 15.Nd5 b3 16.axb3 Rxb3
17.Nce3 h6 18.Qc2 Rb7 19.Bf4 Nxd5 20.Nxd5 Ne5 21.b3 Nc6 22.Be3 Nd4 23.Bxd4 Bxd4
24.b4 Be6 25.bxc5 dxc5 26.Rb1 Rxb1 27.Rxb1 Qd6 28.Kh2 Rb8 29.f4 Rxb1 30.Qxb1 Bxd5
31.e5 Qd8 32.cxd5 g5 33.Qe1 c4 34.d6 gxf4 35.gxf4 c3 36.Qe4 Qb6 37.d7  1-0

[Event "Dortmund-B"]
[Site "Dortmund"]
[Date "1991.??.??"]
[Round "2"]
[White "Romanishin, Oleg M"]
[Black "Paehtz, Thomas Sr"]
[Result "1/2-1/2"]
[WhiteElo "2610"]
[BlackElo "2455"]

1.d4 Nf6 2.Nf3 g6 3.g3 Bg7 4.Bg2 O-O 5.c4 d6 6.O-O Nc6 7.Nc3 Bf5 8.d5 Na5
9.Nd4 Bd7 10.b3 c5 11.dxc6 bxc6 12.Bb2 Rb8 13.Rb1 c5 14.Nc2 Nc6 15.e4 Qa5
16.h3 Ne8 17.Qe1 Nc7 18.Ba1 Ne6 19.Kh2 Ned4 20.Ne3 e6 21.f4 Rbe8 22.Qd1 Bc8
23.Rf2 Bb7 24.a3 Ba8 25.b4 Qc7 26.Rd2 Rd8 27.Qa4 f5 28.Rbd1 g5  1/2-1/2

[Event "Dortmund op"]
[Site "Dortmund"]
[Date "1991.??.??"]
[Round "4"]
[White "Trichkov, Vasil"]
[Black "Grivas, Efstratios"]
[Result "1/2-1/2"]
[WhiteElo "2290"]
[BlackElo "2425"]

1.d4 Nf6 2.Nf3 g6 3.g3 Bg7 4.Bg2 O-O 5.c4 d6 6.O-O Nbd7 7.Qc2 e5 8.Rd1 Re8
9.Nc3 c6 10.e4 Qe7 11.h3 exd4 12.Nxd4 Nc5 13.f3 Nfd7 14.Kh2 h5 15.h4 Ne5
16.Nce2 a5 17.Bg5 Qc7 18.b3 a4 19.b4 Ne6 20.Be3 Qe7 21.Nf4 Nxf4 22.Bxf4 f6
23.Bh3 Bxh3 24.Kxh3 Kh7 25.Kg2 Bh6 26.Bxh6 Kxh6 27.Rac1 Kg7  1/2-1/2

[Event "Telecom op"]
[Site "Dublin"]
[Date "1991.??.??"]
[Round "?"]
[White "Lisenko, Alexander V"]
[Black "Daly, Colm"]
[Result "1-0"]
[WhiteElo "2380"]
[BlackElo "2220"]

1.c4 g6 2.Nf3 Bg7 3.d4 d6 4.g3 Nf6 5.Bg2 O-O 6.O-O Nbd7 7.Qc2 e5 8.Rd1 Re8
9.dxe5 dxe5 10.e4 c6 11.Be3 Qc7 12.h3 Bf8 13.c5 b6 14.b4 bxc5 15.bxc5 a5
16.Bf1 a4 17.Na3 Ba6 18.Bxa6 Rxa6 19.Rab1 Qa7 20.Rdc1 Nh5 21.Rb4 Ng7 22.Rcb1 Nxc5
23.Rc4 Ra5 24.Rc1 Nge6 25.Nxe5 Qc7 26.Ng4 Rd8 27.Bd2 Ra6 28.Bc3 Nd7 29.Nb5 Qb7
30.Nd4 Re8 31.Nxe6 Rxe6 32.Rxa4 Rxa4 33.Qxa4 h5 34.Qd4 f6 35.Qc4 Kf7 36.Ne3 Nb6
37.Qb3 Qa6 38.Bd4 Nd7 39.a4 c5 40.Bb2 Bh6 41.Rd1 Nb6 42.Nf5 Bf8 43.Nd6+ Bxd6
44.Rxd6 c4 45.Qb4 Qb7 46.Rxe6 Kxe6 47.a5 Qxe4  1-0

[Event "EST-FIN m"]
[Site "EST"]
[Date "1991.??.??"]
[Round "2"]
[White "Manninen, Marko"]
[Black "Sepp, Olav"]
[Result "1-0"]
[WhiteElo "2310"]
[BlackElo "2365"]

1.d4 Nf6 2.c4 g6 3.g3 Bg7 4.Bg2 O-O 5.Nf3 d6 6.O-O Nbd7 7.Nc3 e5 8.h3 c6
9.e4 Qb6 10.c5 dxc5 11.dxe5 Ne8 12.Qc2 Qc7 13.Be3 b6 14.Rfd1 Nxe5 15.Nxe5 Bxe5
16.f4 Bg7 17.e5 Bf5 18.Qf2 f6 19.Nb5 Qc8 20.g4 fxe5 21.gxf5 cxb5 22.fxg6 exf4
23.Qh4 Nf6 24.Bxf4 Qf5 25.Rd5 Qxg6 26.Rg5 Qf7 27.Bxa8 Rxa8 28.Be5 Re8 29.Rf1 Re6
30.Qg3 h6 31.Rgf5 Kh7 32.Qf3 Qg6+ 33.Kh1 Ne8 34.Rg1 Bxe5 35.Rxg6  1-0

[Event "Euskadi-Georgia"]
[Site "Euskadi"]
[Date "1991.??.??"]
[Round "?"]
[White "Gomez Esteban, Juan Mario"]
[Black "Giorgadze, Giorgi"]
[Result "1/2-1/2"]
[WhiteElo "2400"]
[BlackElo "2495"]

1.d4 Nf6 2.Nf3 g6 3.c4 Bg7 4.g3 O-O 5.Bg2 d6 6.O-O Nbd7 7.Nc3 e5 8.Rb1 c6
9.e4 a5 10.b3 exd4 11.Nxd4 Nc5 12.h3 Re8 13.Re1 Nfd7 14.Be3 Ne5 15.Re2 f5
16.exf5 gxf5 17.Qc2 Ng6 18.Rd1 Qf6 19.f4 Bd7 20.Bf2 Nf8 21.Kh2 Red8 22.Red2 Be8
23.Nde2 Bg6 24.Bd4 Qe7 25.Bxg7 Kxg7 26.Nd4 Qf6 27.a3 Re8 28.Nde2 Rad8 29.b4 axb4
30.axb4 Ne4 31.Nxe4 fxe4 32.Qc3 Qxc3 33.Nxc3 e3 34.Re2 Bh5 35.g4 Bf7 36.Rde1 Ng6
37.Kg3 Bxc4 38.Rxe3 Rxe3+ 39.Rxe3 d5 40.Re1 Ra8 41.f5 Ra3 42.fxg6 Rxc3+ 43.Kf4 hxg6
44.h4 Kf6 45.g5+ Kf7 46.h5 gxh5 47.Bf3 Bd3 48.Bxh5+ Bg6 49.Bxg6+ Kxg6 50.Re6+ Kf7
51.Rf6+ Ke7 52.b5 Rc1 53.Rh6 Rf1+ 54.Ke5 Re1+ 55.Kf5 cxb5 56.Rb6 Kd7 57.g6 Rf1+
58.Ke5 Kc7 59.Rf6 Rd1 60.g7 Rg1 61.Kxd5  1/2-1/2

[Event "Festuge op"]
[Site "Festuge"]
[Date "1991.??.??"]
[Round "?"]
[White "Jelling, Erik"]
[Black "Kjeldsen, Jens"]
[Result "1-0"]
[WhiteElo "2365"]
[BlackElo "2305"]

1.d4 Nf6 2.c4 g6 3.Nf3 Bg7 4.g3 O-O 5.Bg2 d6 6.O-O Nbd7 7.Nc3 e5 8.h3 c6
9.e4 exd4 10.Nxd4 Qb6 11.Re1 Ne8 12.Nf3 Ne5 13.Nxe5 dxe5 14.a3 Qc7 15.Be3 f5
16.exf5 gxf5 17.f4 e4 18.c5 Be6 19.g4 Rd8 20.Qe2 Nf6 21.gxf5 Bxf5 22.Rad1 Nd5
23.Qc4 Kh8 24.Nxd5 cxd5 25.Rxd5 Be6 26.Bxe4 Qf7 27.Red1 Bxd5 28.Bxd5 Qh5
29.Rd3 Qxh3 30.b4 Qg3+ 31.Kf1 Rd7 32.b5 Rfd8 33.Bf2 Qh2 34.Qe4 Qh5 35.f5 Re8
36.Be6 Rxd3 37.Qxd3 Qh1+ 38.Ke2 Bf6 39.Qf3 Qb1 40.Qd3 Rxe6+ 41.fxe6 Qa2+
42.Kf1 Qxe6 43.a4 a6 44.c6 bxc6 45.bxa6 Qf7 46.a7 Qb7 47.Bd4 Kg7 48.Bxf6+ Kxf6
49.Qd8+ Kg6 50.a8=Q Qb1+ 51.Ke2 Qe4+ 52.Kd2 Qb4+ 53.Kd3 Qb3+ 54.Kd4 Qb4+
55.Ke5 Qc5+ 56.Ke6 Qf5+ 57.Kd6 Qf4+ 58.Kd7  1-0

[Event "FIN-chT"]
[Site "FIN"]
[Date "1991.??.??"]
[Round "?"]
[White "Kekki, Jorma"]
[Black "Lahtinen, Markku"]
[Result "1-0"]
[WhiteElo "2295"]
[BlackElo "2245"]

1.Nf3 g6 2.d4 Bg7 3.g3 Nf6 4.Bg2 O-O 5.c4 d6 6.O-O Nc6 7.d5 Na5 8.Nbd2 c5
9.e4 e5 10.a3 b6 11.Qc2 Bd7 12.b4 Nb7 13.Nb3 Qc7 14.b5 a6 15.a4 Ng4 16.Bb2 a5
17.Ne1 Rae8 18.Nd3 f5 19.Nd2 Nd8 20.Rae1 Nf7 21.Kh1 Nfh6 22.f3 Nf6 23.Re2 fxe4
24.Nxe4 Nxe4 25.Rxe4 g5 26.Qd2 Bf5 27.Re3 Bxd3 28.Rxd3 e4 29.Rb3 Bxb2 30.Rxb2 Qg7
31.Rb3 Qe5 32.Re1 Kh8 33.Rbe3 Qd4 34.Qxd4+ cxd4 35.Rxe4 Rxe4 36.Rxe4 d3 37.Kg1 Nf7
38.Kf2 Ne5 39.Ke3 Rc8 40.Bf1 Nxc4+ 41.Kxd3 Ne5+ 42.Ke2 Rc2+ 43.Kd1 Rc5 44.f4 Rxd5+
45.Ke2 gxf4 46.gxf4 Nd3 47.Bg2 Nc1+ 48.Ke1 Nd3+ 49.Ke2 Nc1+ 50.Ke1 Rf5 51.Re8+ Kg7
52.Re7+ Rf7 53.Rxf7+ Kxf7 54.Bd5+ Kf6 55.Kd2 Kf5 56.Kxc1 Kxf4 57.Kd2  1-0

[Event "FRA-chT"]
[Site "FRA"]
[Date "1991.??.??"]
[Round "?"]
[White "Nuvolini, Dominique"]
[Black "Ladisic, Alex Sacha"]
[Result "1-0"]
[WhiteElo "2240"]
[BlackElo "2140"]

1.d4 Nf6 2.Nf3 g6 3.g3 Bg7 4.Bg2 O-O 5.c4 d6 6.O-O Nc6 7.Nc3 a6 8.Qc2 Rb8
9.Bg5 h6 10.Bf4 Bg4 11.Rad1 b5 12.h3 Bd7 13.cxb5 axb5 14.b3 Re8 15.d5 Na5
16.Nd4 Qc8 17.Kh2 c5 18.dxc6 Nxc6 19.Be3 Nxd4 20.Rxd4 Nh5 21.Qd2 Bxd4 22.Bxd4 Kh7
23.g4 Ng7 24.Nd5 Qd8 25.Qf4 Be6 26.Be3 Rh8 27.Qxh6+ Kg8 28.Qf4 b4 29.Nxb4 Rb5
30.Nc6 Qd7 31.a4 Rxb3 32.a5 d5 33.Ne5 Qd6 34.Kg1 Rh4 35.a6 Qxa6 36.Qg5 Rh8
37.Qxe7 Rb7 38.Qf6 Ne8 39.Qf4 Qd6 40.Bd4 Rb4 41.e3 Qe7 42.Nc6  1-0

[Event "FRA-chT"]
[Site "FRA"]
[Date "1991.??.??"]
[Round "?"]
[White "Leski, Marc"]
[Black "Murrey, Jacob"]
[Result "0-1"]
[WhiteElo "2430"]
[BlackElo "2440"]

1.Nf3 g6 2.d4 Bg7 3.g3 Nf6 4.Bg2 O-O 5.c4 d6 6.O-O Nc6 7.Nc3 Bf5 8.Bd2 Ne4
9.Be1 Nxc3 10.Bxc3 Be4 11.e3 d5 12.b3 e6 13.Qe2 Qe7 14.Rfd1 Rfd8 15.Rac1 a5
16.cxd5 exd5 17.Ne1 Bxg2 18.Kxg2 a4 19.b4 Na7 20.b5 Qe8 21.Rb1 Nc8 22.Bb4 Nb6
23.Nc2 Qe4+ 24.Kg1 h5 25.Qd3 Qe6 26.Rbc1 h4 27.Na3 Rdc8 28.Rc3 Bf8 29.Bc5 Nd7
30.Bxf8 Kxf8 31.Rdc1 Qd6 32.e4 c6 33.bxc6 bxc6 34.e5 Qe6 35.Nb5 Nxe5 36.dxe5 cxb5
37.Rxc8+ Rxc8 38.Rxc8+ Qxc8 39.Qxb5 h3 40.Qb2 d4 41.Kf1 Qa6+ 42.Ke1 Qa5+
43.Kd1 Qxe5 44.Qb4+ Kg7 45.Kd2 Qf6 46.f4 g5 47.Qb8 gxf4 48.gxf4 Qe6 49.Qe5+ Qxe5
50.fxe5 f6 51.e6 f5 52.Kd3 Kf6 53.Kxd4 Kxe6 54.Ke3 Ke5 55.a3 Kd5  0-1

[Event "FRA-chT"]
[Site "FRA"]
[Date "1991.??.??"]
[Round "?"]
[White "Bernard, Christophe"]
[Black "Gertsch, B."]
[Result "1-0"]
[WhiteElo "2310"]
[BlackElo "2050"]

1.d4 Nf6 2.Nf3 g6 3.g3 Bg7 4.Bg2 O-O 5.c4 d6 6.Nc3 Nbd7 7.O-O e5 8.h3 c6
9.e4 Re8 10.Re1 exd4 11.Nxd4 Nc5 12.Rb1 a5 13.Bf4 a4 14.b4 axb3 15.axb3 h6
16.b4 Ne6 17.Nxe6 Bxe6 18.Bxd6 Bxc4 19.e5 Re6 20.b5 Ne8 21.bxc6 bxc6 22.Bxc6 Rc8
23.Bxe8 Qxe8 24.Ne4 Qc6 25.Rc1 Qb5 26.Qd4 Rc6 27.Rb1 Qd5 28.Rb8+ Kh7 29.Qa7 Rcxd6
30.Nxd6 Rxe5 31.Rxe5 Bxe5 32.Nxf7 Bxb8 33.Ng5+ Kg8 34.Qxb8+ Kg7 35.Qc7+ Kf6
36.Nh7+ Kf5 37.Qf4+ Ke6 38.Nf8+ Ke7 39.Nxg6+ Ke6 40.Qxh6 Qd1+ 41.Kh2  1-0

[Event "FRA-chT"]
[Site "FRA"]
[Date "1991.??.??"]
[Round "?"]
[White "Adrian, Claude"]
[Black "Juglard, Eric"]
[Result "1-0"]
[WhiteElo "2260"]
[BlackElo "2210"]

1.c4 Nf6 2.Nf3 g6 3.g3 Bg7 4.Bg2 d6 5.d4 O-O 6.O-O c5 7.Nc3 Na6 8.b3 Bg4
9.Bb2 Qc8 10.Qd2 Bh3 11.e4 Bxg2 12.Kxg2 cxd4 13.Nxd4 Nc5 14.Rfe1 Rd8 15.Rad1 e6
16.f3 a6 17.Qe2 Qc7 18.Nc2 Rac8 19.Ne3 Qc6 20.Rd2 h5 21.Red1 Kh7 22.b4 Na4
23.Nxa4 Qxa4 24.e5 Ng8 25.a3 a5 26.Rxd6 Rxd6 27.exd6 axb4 28.Bxg7 Kxg7 29.Qb2+ Nf6
30.axb4 b6 31.c5 Qc6 32.g4 e5 33.Qxe5 Re8 34.Qd4 bxc5 35.bxc5 Kh6 36.Qxf6  1-0

[Event "FRA-chT"]
[Site "FRA"]
[Date "1991.??.??"]
[Round "?"]
[White "Zarrouati, Pierre"]
[Black "Degraeve, Jean Marc"]
[Result "1/2-1/2"]
[WhiteElo "2140"]
[BlackElo "2450"]

1.d4 Nf6 2.Nf3 g6 3.g3 Bg7 4.Bg2 O-O 5.c4 d6 6.O-O c6 7.Nc3 Bf5 8.Re1 Ne4
9.Ng5 Nxg5 10.Bxg5 h6 11.Bc1 Qb6 12.d5 Na6 13.e4 Bd7 14.Qe2 Nc5 15.Be3 Qa5
16.Rad1 Na4 17.Nxa4 Qxa4 18.b3 Qa5 19.Bd4 Bxd4 20.Rxd4 Qc3 21.Rd3 Qg7 22.e5 cxd5
23.Bxd5 Rab8 24.e6 fxe6 25.Bxe6+ Bxe6 26.Qxe6+ Qf7 27.Rde3 Rbe8 28.Qxf7+ Kxf7
29.Re6 Rg8 30.f4 h5 31.h4 Rg7 32.Kg2 Kf8 33.Kf3 Rc8 34.Ke4 Rc7 35.Kd4 Kf7
36.a4  1/2-1/2

[Event "Troll Masters"]
[Site "Gausdal"]
[Date "1991.??.??"]
[Round "1"]
[White "Groenn, Atle"]
[Black "Jansa, Vlastimil"]
[Result "1-0"]
[WhiteElo "2365"]
[BlackElo "2495"]

1.Nf3 g6 2.d4 Bg7 3.g3 Nf6 4.c4 O-O 5.Bg2 d6 6.Nc3 c6 7.O-O Bf5 8.Nh4 Bd7
9.e4 e5 10.Nf3 Re8 11.b3 Na6 12.Bb2 exd4 13.Nxd4 Nc5 14.Re1 Qb6 15.h3 Re7
16.Kh2 Rae8 17.f3 d5 18.cxd5 cxd5 19.Qc2 dxe4 20.fxe4 h5 21.Rad1 h4 22.gxh4 Qc7+
23.Kh1 Qg3 24.Nce2 Qxh4 25.Nf3 Qxe4 26.Qxc5 Bxh3 27.Ng3 Qf4 28.Rxe7 Qxg3
29.Rxe8+ Nxe8 30.Qc2 Bxg2+ 31.Qxg2 Qxg2+ 32.Kxg2 Bxb2 33.Rd7 a5 34.Rxb7 Nd6
35.Rd7 Ne4 36.Nd2 Nxd2 37.Rxd2 Bc3 38.Rd3 Bb4 39.Kf3 Kg7 40.Kf4 Kf6 41.Rd5 Ke6
42.Re5+ Kd6 43.Re2 Bc3 44.Rc2 Bd4 45.Rc4 Kd5 46.Rc8 Be5+ 47.Kg5 Ke4 48.Re8 f5
49.Kxg6 f4 50.Kg5 f3 51.Kg4 f2 52.Rf8 Bd4 53.Kg3 Kd3 54.Kg2 Kc2 55.Rf5 Bb6
56.Rb5 Bd8 57.b4 axb4 58.Rxb4 Be7 59.Rb3 Bc5 60.Rb5 Bd4 61.Rb3 Bc5  1-0

[Event "Peer Gynt"]
[Site "Gausdal"]
[Date "1991.??.??"]
[Round "4"]
[White "Kochyev, Alexander"]
[Black "Gudmundsson, Kristjan"]
[Result "1-0"]
[WhiteElo "2485"]
[BlackElo "2245"]

1.Nf3 Nf6 2.d4 g6 3.c4 Bg7 4.g3 O-O 5.Bg2 d6 6.O-O Nc6 7.d5 Na5 8.Nbd2 c5
9.Ne1 e5 10.e4 Ne8 11.b3 f5 12.exf5 Bxf5 13.Ne4 h6 14.h4 a6 15.Qe2 Rb8 16.Bd2 b5
17.Nc2 Bd7 18.Ne3 Nb7 19.Ng4 Kh7 20.Rae1 Qc8 21.Nh2 Nf6 22.f4 Nxe4 23.Bxe4 Bf5
24.h5 Bxe4 25.Qxe4 Qf5 26.hxg6+ Kxg6 27.Qg2 Qc2 28.Rc1 Qd3 29.Rc3 Qd4+ 30.Kh1 Kh7
31.Nf3  1-0

[Event "Troll Masters"]
[Site "Gausdal"]
[Date "1991.??.??"]
[Round "4"]
[White "Arnason, Throstur"]
[Black "Brunner, Lucas"]
[Result "0-1"]
[WhiteElo "2300"]
[BlackElo "2460"]

1.d4 Nf6 2.c4 g6 3.Nf3 Bg7 4.g3 O-O 5.Bg2 d6 6.O-O c6 7.h3 a6 8.b3 b5 9.Bb2 bxc4
10.bxc4 a5 11.Nbd2 Nfd7 12.Ne1 Qc7 13.Rb1 Na6 14.Nd3 Nb4 15.Nxb4 axb4 16.Qb3 Rb8
17.Qe3 Re8 18.a3 bxa3 19.Bxa3 Rxb1 20.Rxb1 Qa7 21.Bb2 c5 22.dxc5 Bxb2 23.Rxb2 Nxc5
24.Kh2 Be6 25.Bd5 Qd7 26.Nf3 Rc8 27.Qh6 f6 28.Nd4 Bxd5 29.cxd5 Re8 30.Qe3 Kg7
31.Rb6 Qa4 32.Rc6 Kf7 33.Rc7 Qc4 34.Nc6 Qe4 35.Qxe4 Nxe4 36.Kg2 f5 37.Na7 Nf6
38.Nc8 Kf8 39.Nb6 Rb8 40.Rc6 Rb7 41.Kf3 Ra7 42.g4 Ra3+ 43.Kf4 Rxh3 44.gxf5 Rh4+
45.Kg3 Rg4+ 46.Kf3 gxf5 47.Rc7 Kf7 48.Ra7 Rg8 49.Nc4 Ne4 50.Kf4 Kf6 51.f3 Nc5
52.e4 fxe4 53.fxe4 Nd3+ 54.Kf3 h5 55.Ke3 Rg3+ 56.Kd4 Nb4 57.e5+ dxe5+ 58.Nxe5 Nc2+
59.Ke4 Re3+ 60.Kf4 Rxe5 61.Ra6+ e6 62.dxe6 Nd4 63.e7+ Ne6+ 64.Kg3 Kxe7 65.Kh4 Kf6
66.Ra8 Re4+ 67.Kh3 Ng5+ 68.Kg2 Kf5 69.Ra2 Kg4  0-1

[Event "Troll Masters"]
[Site "Gausdal"]
[Date "1991.??.??"]
[Round "9"]
[White "Arnason, Throstur"]
[Black "Coleman, David"]
[Result "1-0"]
[WhiteElo "2300"]
[BlackElo "2295"]

1.d4 Nf6 2.c4 g6 3.Nf3 Bg7 4.g3 O-O 5.Bg2 d6 6.O-O Nc6 7.b3 Bg4 8.Bb2 Qd7
9.Nbd2 Rad8 10.d5 Nb8 11.Re1 Qf5 12.Nd4 Qc8 13.f3 Bd7 14.e4 c5 15.Nc2 Rfe8
16.e5 dxe5 17.Bxe5 e6 18.Bxf6 Bxf6 19.Ne4 Be5 20.Ne3 f5 21.f4 Bxa1 22.Nd6 exd5
23.Bxd5+ Be6 24.Nxc8 Bd4 25.Kg2 Bxe3 26.Bxe6+ Kf8 27.Qa1 Rd2+ 28.Kh3 Rxe6
29.Qc3 g5 30.fxg5  1-0

[Event "Geneve op"]
[Site "Geneve"]
[Date "1991.??.??"]
[Round "7"]
[White "Panzalovic, Srdjan"]
[Black "Hoi, Carsten"]
[Result "1/2-1/2"]
[WhiteElo "2410"]
[BlackElo "2405"]

1.Nf3 g6 2.d4 Bg7 3.g3 Nf6 4.Bg2 O-O 5.c4 d6 6.O-O Bg4 7.Nc3 Nc6 8.d5 Na5
9.Nd2 c5 10.Qc2 a6 11.h3 Bd7 12.b3 e5 13.e4 b5 14.Bb2 Rb8 15.Ne2 Nh5 16.Bc3 Nb7
17.f4 f5 18.Rae1 Qc7 19.Qc1 Rbd8 20.exf5 gxf5 21.Qa1  1/2-1/2

[Event "GER CupT"]
[Site "GER"]
[Date "1991.??.??"]
[Round "?"]
[White "Gross, Georg"]
[Black "Zude, Erik"]
[Result "1-0"]
[WhiteElo "2270"]
[BlackElo "2290"]

1.d4 Nf6 2.Nf3 g6 3.g3 Bg7 4.Bg2 O-O 5.c4 d6 6.O-O Nc6 7.d5 Na5 8.Nfd2 c6
9.Nc3 Ng4 10.Qc2 Ne5 11.b3 cxd5 12.cxd5 Bd7 13.Bb2 b5 14.Rac1 Qb6 15.Qb1 Bh6
16.Rc2 Rac8 17.Rfc1 Bf5 18.Nce4 Ng4 19.Rxc8 Bxc8 20.e3 Nxe3 21.fxe3 Bxe3+
22.Kh1 f5 23.Bh3 Bb7 24.Qd3 e6 25.Nf6+ Rxf6 26.Bxf6 Bxd5+ 27.Bg2 Bxg2+ 28.Kxg2 Kf7
29.Bb2 g5  1-0

[Event "GER CupT"]
[Site "GER"]
[Date "1991.??.??"]
[Round "?"]
[White "Hulak, Krunoslav"]
[Black "Neurohr, Stephan"]
[Result "1-0"]
[WhiteElo "2520"]
[BlackElo "2335"]

1.d4 Nf6 2.c4 g6 3.g3 Bg7 4.Bg2 O-O 5.Nf3 d6 6.O-O Nc6 7.Nc3 a6 8.d5 Na5
9.Nd2 c5 10.Rb1 Rb8 11.b3 b5 12.Qc2 e6 13.Bb2 Re8 14.e4 exd5 15.cxd5 Bd7
16.Nd1 b4 17.Ne3 Ng4 18.Nxg4 Bxg4 19.Rfe1 Rc8 20.Bxg7 Kxg7 21.Bf1 Qb6 22.Qd3 Rc7
23.Rbc1 Bd7 24.Qxa6 Qxa6 25.Bxa6 Ra8 26.Bd3 f6 27.f4 Nb7 28.Rc2 Nd8 29.e5 fxe5
30.fxe5 dxe5 31.Rxe5 Nf7 32.Re7 Kf6 33.d6 Nxd6 34.Rxh7 Raa7 35.Ne4+ Nxe4
36.Bxe4 Bf5 37.Rxc7 Rxc7 38.Bxf5 Kxf5 39.Rc4 Ke5 40.Kf2 Kd5 41.Ke3 Re7+ 42.Kd3 Ra7
43.Rc2 Rf7 44.Ke3 Re7+ 45.Kf4 Kd4 46.h4 Re4+ 47.Kg5 Re3 48.g4 Rc3 49.Rg2 Rh3
50.Kxg6 Rxh4 51.g5  1-0

[Event "GER CupT"]
[Site "GER"]
[Date "1991.??.??"]
[Round "?"]
[White "Malich, Burkhard"]
[Black "Brunner, Lucas"]
[Result "0-1"]
[WhiteElo "2445"]
[BlackElo "2460"]

1.d4 Nf6 2.Nf3 g6 3.c4 Bg7 4.g3 O-O 5.Bg2 d6 6.O-O c5 7.Nc3 Nc6 8.h3 cxd4
9.Nxd4 Nxd4 10.Qxd4 Be6 11.Qh4 Qa5 12.Bd2 Rac8 13.b3 Rb8 14.Rfd1 Qh5 15.Qxh5 Nxh5
16.Rac1 Rfc8 17.Be3 a6 18.Ba7 Ra8 19.Bb6 Rab8 20.Na4 Nf6 21.Ba7 Ra8 22.Be3 Rab8
23.c5 Ne8 24.cxd6 Rxc1 25.Bxc1 Nxd6 26.Nb6 Be5 27.e4 Nb5 28.Be3 Bd6 29.Rd2 f6
30.Rd3 Kf7 31.a4 Nc7 32.f4 a5 33.Nc4 Bxc4 34.bxc4 Na6 35.Rd5 b6 36.Kh2 Bc5
37.Bc1 Nb4 38.Rd1 Ke8 39.Bf3 Rd8 40.Rxd8+ Kxd8 41.Bd1 Kc7 42.h4 Kd6 43.Bb2 e5
44.f5 gxf5 45.exf5 Nd3 46.Bc3 Bd4 47.Bd2 e4 48.Bh6 Ke5 49.g4 Bf2 50.g5 Kxf5
51.gxf6 Kxf6 52.Bg5+ Ke5 53.Kg2 Bc5 54.Kf1 Kd4 55.Bg4 Ke5 56.Bd7 Nb2 57.Bb5 Nd1
58.Bd2 Nf2 59.Ke2 Ng4 60.Bg5 Nh2 61.Bh6 Nf3 62.Bg7+ Kf4 63.h5 Ng1+ 64.Kf1 e3
65.Bh6+ Kg3 66.Bxe3 Bxe3  0-1

[Event "GER CupT"]
[Site "GER"]
[Date "1991.??.??"]
[Round "?"]
[White "Mandel, Andreas"]
[Black "Lutz, Christopher"]
[Result "1/2-1/2"]
[WhiteElo "2360"]
[BlackElo "2500"]

1.d4 Nf6 2.Nf3 g6 3.c4 Bg7 4.g3 O-O 5.Bg2 d6 6.O-O Nbd7 7.Nc3 e5 8.h3 Re8
9.e4 exd4 10.Nxd4 Nc5 11.Re1 Bd7 12.Rb1 Qc8 13.Kh2 a6 14.Bf4 h6 15.b4 Ne6
16.Nxe6 Bxe6 17.Nd5 Nd7 18.Rc1 Qd8 19.Be3 a5 20.a3 axb4 21.axb4 Ra3 22.Nf4 Ne5
23.Nxe6 Rxe6 24.Re2 h5 25.f4 Nd3 26.Rb1 Nb2 27.Qc1 Rc3 28.Rc2 Na4 29.e5 Rxe3
30.Qxe3 dxe5 31.f5 gxf5 32.Bxb7 f4 33.gxf4 exf4 34.Qf2 Qd3 35.Rg1 Re3 36.Bc8 Nb6
37.Rd2 Qe4 38.Qg2 Qxg2+ 39.Rdxg2 Rg3 40.Ba6 h4 41.Rd1 Ra3 42.Rdg1 Rg3 43.Rxg3 hxg3+
44.Kg2 Bc3 45.Rb1 Nd7 46.Rb3 Be1 47.c5 Ne5 48.Bb7 Bf2 49.Bf3 Ng6 50.Kf1 Nh4
51.Be4 Kf8 52.Rc3 Ke7 53.b5 Bd4 54.Rc4 Be5 55.Ke2 f5 56.Bh1 g2 57.Bxg2 Nxg2
58.b6 c6 59.Ra4 Kd7 60.Ra8 f3+ 61.Kxf3 Nf4 62.b7 Nxh3 63.b8=Q Ng5+ 64.Ke3 Bxb8
65.Rxb8 Ne6 66.Rb7+  1/2-1/2